000 00711nas a2200229 4500
001 BR2017003428
003 BR-BrBNA
005 20231205131205.0
007 ta
008 230509b bl.|||p| |||| 00| 00por d
040 _aBR-BrBNA
_bpor
_cBiblioteca Nacional de Agricultura
041 _a(Pt)
072 _aP34
100 1 _aMoreira, F.M. de S.
245 1 _aDiversidade de microrganismos são fundamentais ao agroecossistema
650 _aMICROBIOLOGIA DO SOLO
650 _aFIXAÇÃO DE NITROGÊNIO
650 _aRIZOSFERA
773 0 _tVisão Agrícola (Brazil)
_xISSN 1806-6402
_g(Jul-Dec 2009), v. 6(9) p. 63-66
_wBR2017003428
909 _a202311
_bLúcia
_c55
_dLúcia Elande
942 _2AGRIS
_n0
_cANA
999 _c253478
_d253478